Reward Management: Alternatives, Consequences and Contexts (Record no. 248)
[ view plain ]
| 000 -LEADER | |
|---|---|
| fixed length control field | 01015nam a2200169 4500 |
| 020 ## - INTERNATIONAL STANDARD BOOK NUMBER | |
| ISBN | 9781843982630 |
| 050 ## - CALL NUMBER | |
| Classification number | HF5549..5 |
| Item number | .C67 P41 |
| 100 ## - AUTHOR | |
| Personal name | Perkins Stephen J. |
| 245 ## - TITLE | |
| Title | Reward Management: Alternatives, Consequences and Contexts |
| 250 ## - EDITION | |
| Edition statement | 2nd ed. |
| 260 ## - PUBLICATION INFORMATION | |
| Place of publication | London |
| Name of publisher | Chartered Institute of Personnel and Development, |
| Year of publication | 2011. |
| 300 ## - DESCRIPTION | |
| Number of Pages | xix, 472 p.: |
| Other physical details | ill., |
| Dimensions | 25 cm. |
| 500 ## - NOTES | |
| General note | Includes index. |
| 505 ## - FORMATTED CONTENTS NOTE | |
| Table of Content | Chapter 1. Introducing the Reward management system, Chapter 2. Conceptual and theoretical frameworks, <br/>Chapter 3. The legal, employment relations and market context, Chapter 4. Base pay structures and relationships,<br/>Chapter 5. Pay setting, composition and progression, <br/>Chapter 6. Variable pay schemes,<br/>Chapter 7. Benefits, <br/>Chapter 8. Pensions, <br/>Chapter 9. Non-financial reward, <br/>Chapter 10. Rewarding directors and executives, <br/>Chapter 11. International reward management, <br/>Chapter 12. Reward management with 'HRM' |
| 700 ## - OTHER AUTHORS | |
| Personal name | White Geoff |
| 942 ## - ADDED ENTRY ELEMENTS (KOHA) | |
| Koha item type | Books |
| Withdrawn status | Lost status | Home library | Current library | Shelving location | Date acquired | Full call number | Accession Number | Copy number | Koha item type |
|---|---|---|---|---|---|---|---|---|---|
| Methodist University Library Tema | Methodist University Library Tema | General Stacks | 26/04/2015 | HF5549..5 .C67 P41 | 1262 | 3 | Books | ||
| Methodist University Library Tema | Methodist University Library Tema | General Stacks | 26/04/2015 | HF5549..5 .C67 P41 | 1261 | Books | |||
| Methodist University Library Tema | Methodist University Library Tema | General Stacks | 26/05/2017 | HF5549..5 .C67 P41 | 6310 | Books |